000 00539nam a22001937a 4500
003 KOHA_MİRAKIL
005 20251006115841.0
008 251006b tu ||||| |||| 00| 0 tur d
020 _a9789753632878
040 _aTR-AnABB
_btur
_cTR-AnABB
041 _atur
082 _a891.5533
_bHID 2012
100 1 _aHidâyet, Sâdık,
245 1 0 _aAylak köpek /
_cSâdık Hidâyet
260 _aİstanbul :
_bYapı Kredi Yayınları,
_c2012
300 _a84 sayfa ;
_c21 cm
650 0 4 _aİran edebiyatı, roman
942 _2ddc
_cBK
999 _c9110
_d9110
900 _bGizem YORULMAZ